[Event "COL-ch U20"]
[Site "Cali"]
[Date "2024.03.02"]
[Round "6"]
[White "Cortes Espana, Diego Alejandro"]
[Black "Elejalde, Daniel"]
[Result "1/2-1/2"]
[WhiteElo "1169"]
[BlackElo "1461"]
[PlyCount "59"]
[EventDate "2024.02.28"]
[EventType "swiss"]
[EventRounds "9"]
[EventCountry "COL"]
[SourceTitle "CB11_2024"]
[SourceDate "2024.03.13"]
[SourceVersion "1"]
[SourceVersionDate "2024.03.13"]
[SourceQuality "1"]

1. e4 e5 2. Nf3 Nc6 3. Bc4 Nf6 4. d3 d6 5. c3 Na5 6. Bb5+ Bd7 7. a4 a6 8. Bxd7+ Qxd7 9. Be3 Ng4 10. Nbd2 Nxe3 11. fxe3 Be7 12. Qc2 Qg4 13. 0-0 h5 14. h3 Qg3 15. Rf2 h4 16. b4 Nc6 17. Qb3 Rh6 18. Kh1 Qxf2 19. Rf1 Qg3 20. Nh2 Rf6 21. Ndf3 g5 22. Ng4 Rg6 23. Nfh2 b5 24. Qxf7+ Kd7 25. Qxg6 bxa4 26. Nf6+ Bxf6 27. Rxf6 Qe1+ 28. Rf1 Qxc3 29. Qf7+ Ne7 30. Qc4 1/2-1/2

[Event "COL-ch U20"]
[Site "Cali"]
[Date "2024.03.01"]
[Round "4"]
[White "Cortes Espana, Diego Alejandro"]
[Black "Andrade Salcedo, Jorge Mario"]
[Result "0-1"]
[WhiteElo "1169"]
[BlackElo "1543"]
[PlyCount "88"]
[EventDate "2024.02.28"]
[EventType "swiss"]
[EventRounds "9"]
[EventCountry "COL"]
[SourceTitle "CB11_2024"]
[SourceDate "2024.03.13"]
[SourceVersion "1"]
[SourceVersionDate "2024.03.13"]
[SourceQuality "1"]

1. e4 e6 2. Nf3 d5 3. exd5 exd5 4. d4 Bd6 5. Bd3 Bg4 6. Nbd2 Nc6 7. h3 Bh5 8. 0-0 Nxd4 9. Qe1+ Ne7 10. Nxd4 0-0 11. N2f3 a6 12. Be3 Re8 13. b4 Nc6 14. c3 Nxd4 15. Nxd4 Qf6 16. Qd2 Qe5 17. g3 Bg6 18. Kg2 Be4+ 19. Bxe4 Qxe4+ 20. Kh2 b6 21. Qc2 c5 22. Qxe4 Rxe4 23. Nf5 Bf8 24. Rae1 Rc4 25. Bd2 d4 26. Re4 Rd8 27. Rfe1 f6 28. a3 g6 29. Nh6+ Kg7 30. Rd1 dxc3 31. Rxc4 Rxd2 32. Rc1 Kxh6 33. bxc5 Bxc5 34. R4xc3 Rxf2+ 35. Kh1 Ra2 36. Rb1 Kg5 37. Rbb3 Kf5 38. Rf3+ Ke5 39. Rf4 a5 40. a4 g5 41. Rg4 h5 42. Rc4 Kd5 43. Rbc3 Bb4 44. Rc2 Rxa4 0-1

[Event "COL-ch 20"]
[Site "Cali"]
[Date "2023.06.25"]
[Round "7"]
[White "Lozano Pulgarin, Josue Amador"]
[Black "Cortes Espana, Diego Alejandro"]
[Result "0-1"]
[WhiteElo "1275"]
[BlackElo "1407"]
[PlyCount "50"]
[EventDate "2023.06.22"]
[EventType "swiss"]
[EventRounds "7"]
[EventCountry "COL"]
[SourceTitle "CBM 214 Extra"]
[Source "ChessBase"]
[SourceDate "2023.07.31"]
[SourceVersion "1"]
[SourceVersionDate "2023.07.31"]
[SourceQuality "1"]

1. d4 d5 2. e3 e6 3. Nf3 Nf6 4. Bd3 Bd6 5. 0-0 0-0 6. Nbd2 Nbd7 7. Qe2 Qe7 8. e4 dxe4 9. Nxe4 Nxe4 10. Bxe4 Nf6 11. Bg5 e5 12. Bxf6 Qxf6 13. Bxh7+ Kxh7 14. dxe5 Qe7 15. Qd3+ g6 16. exd6 cxd6 17. Rfe1 Qc7 18. Rad1 Rd8 19. Ng5+ Kg8 20. Qb5 Bd7 21. Qd5 Bc6 22. Qc4 Re8 23. Qh4 f6 24. Qc4+ d5 25. Qd3 fxg5 0-1

[Event "COL-ch 20"]
[Site "Cali"]
[Date "2023.06.24"]
[Round "5"]
[White "Otalvaro Vasquez, Camilo Andres"]
[Black "Cortes Espana, Diego Alejandro"]
[Result "1-0"]
[WhiteElo "1261"]
[BlackElo "1407"]
[PlyCount "73"]
[EventDate "2023.06.22"]
[EventType "swiss"]
[EventRounds "7"]
[EventCountry "COL"]
[SourceTitle "CBM 214 Extra"]
[Source "ChessBase"]
[SourceDate "2023.07.31"]
[SourceVersion "1"]
[SourceVersionDate "2023.07.31"]
[SourceQuality "1"]

1. e4 c5 2. Nf3 d6 3. d4 cxd4 4. Nxd4 Nf6 5. Nc3 a6 6. h3 e6 7. Be3 Be7 8. Bd3 Nbd7 9. Nb3 b5 10. a3 Bb7 11. 0-0 0-0 12. Qd2 Qc7 13. Rfe1 Rac8 14. Rad1 Rfd8 15. Bf4 e5 16. Be3 d5 17. exd5 Nxd5 18. Nxd5 Bxd5 19. Rc1 Nf6 20. Qa5 Qb7 21. f3 Qd7 22. Qxa6 Bxb3 23. Bxb5 Qd5 24. cxb3 Rxc1 25. Rxc1 Qxb3 26. Bb6 Rd1+ 27. Rxd1 Qxd1+ 28. Kh2 h6 29. Bc7 Qd4 30. Qc8+ Bf8 31. Qd8 Qxb2 32. Bd6 Qxb5 33. Qxf8+ Kh7 34. Qxf7 e4 35. fxe4 Nxe4 36. Qe7 Qd3 37. Be5 1-0